<?xml version="1.0" encoding="UTF-8"?>
<collection xmlns:xsi="http://www.w3.org/2001/XMLSchema-instance" xsi:schemaLocation="http://www.loc.gov/MARC21/slim http://www.loc.gov/standards/marcxml/schema/MARC21slim.xsd" xmlns="http://www.loc.gov/MARC21/slim">
 <record>
  <leader>00000ctm a2200000 i 4500</leader>
  <controlfield tag="001">UP-99796217611694672</controlfield>
  <controlfield tag="003">Buklod</controlfield>
  <controlfield tag="005">20230518102250.0</controlfield>
  <controlfield tag="006">a           ||| u </controlfield>
  <controlfield tag="007">ta</controlfield>
  <controlfield tag="008">230216s2012    ph a   gr    |||0 u|eng |</controlfield>
  <datafield tag="035" ind1=" " ind2=" ">
   <subfield code="a">(iLib)UPD-00247606555</subfield>
  </datafield>
  <datafield tag="040" ind1=" " ind2=" ">
   <subfield code="a">TMC</subfield>
   <subfield code="e">rda</subfield>
  </datafield>
  <datafield tag="041" ind1=" " ind2=" ">
   <subfield code="a">eng</subfield>
  </datafield>
  <datafield tag="090" ind1=" " ind2=" ">
   <subfield code="a">LG 995 2012 T4</subfield>
   <subfield code="b">C37</subfield>
  </datafield>
  <datafield tag="100" ind1="1" ind2=" ">
   <subfield code="a">Carlos, Jonathan Cruz</subfield>
   <subfield code="e">author.</subfield>
  </datafield>
  <datafield tag="245" ind1="0" ind2="0">
   <subfield code="a">Development of a Technology Roadmap for the Philippine Courier, Express &amp; Parcel Industry Technology</subfield>
   <subfield code="b">The Case of BRIDGE POINT CARGO-LOGISTICS EXPERT INC.</subfield>
   <subfield code="c">Jonathan Cruz Carlos.</subfield>
  </datafield>
  <datafield tag="264" ind1=" " ind2="1">
   <subfield code="a">Quezon City</subfield>
   <subfield code="b">University of the Philippines Diliman</subfield>
   <subfield code="c">2012</subfield>
  </datafield>
  <datafield tag="300" ind1=" " ind2=" ">
   <subfield code="a">65 leaves</subfield>
   <subfield code="b">illustrations</subfield>
   <subfield code="c">28 cm</subfield>
  </datafield>
  <datafield tag="336" ind1=" " ind2=" ">
   <subfield code="a">text</subfield>
   <subfield code="2">rdacontent</subfield>
  </datafield>
  <datafield tag="337" ind1=" " ind2=" ">
   <subfield code="a">unmediated</subfield>
   <subfield code="2">rdamedia</subfield>
  </datafield>
  <datafield tag="338" ind1=" " ind2=" ">
   <subfield code="a">volume</subfield>
   <subfield code="2">rdacarrier</subfield>
  </datafield>
  <datafield tag="500" ind1=" " ind2=" ">
   <subfield code="a">In partial fulfillment of the requirements in TM 299</subfield>
  </datafield>
  <datafield tag="502" ind1=" " ind2=" ">
   <subfield code="a">Thesis</subfield>
   <subfield code="b">Master of Technology Management</subfield>
   <subfield code="c">University of the Philippines, Diliman</subfield>
   <subfield code="d">March 2012</subfield>
  </datafield>
  <datafield tag="506" ind1=" " ind2=" ">
   <subfield code="a">This thesis is available to the public.</subfield>
  </datafield>
  <datafield tag="520" ind1=" " ind2=" ">
   <subfield code="a">The logistics and courier industry is one of the oldest business sectors in the world with its origins and history dating back when the Persians where invading Greece. Couriers and the concept of logistics though not yet formally invented, was also used during the time of kings and queens in medieval times. Throughout the course of history, the role of logistics and couriers in the economy has evolved to where it is now. Nowadays where the global economy is exponentially growing, the role of logistics in an economy's growth is becoming more vital to sustain its growth. Global value chains (GVC) are one of the main beneficiaries of the courier industry. Studies show that the industry employs a variety of manpower skillset ranging from engineering to managerial. From a macro-economic perspective, its impact in GVCs and the supply chain is determined by factors like speed of delivery, reliability, and customer service. The Worldbank's Logistics Performance Index (LPI) is just one of the determinants of a country's &quot;logistics friendliness&quot;. By conducting surveys and assessing a country based from a list of criteria, certain areas of improvement may be deduced. This paper aims to produce a firm-level technology roadmap of the Philippine courier and logistics sector. Bridge Point Cargo Logistics Expert Inc. will serve as the organization to evaluate in terms of internal and external factors. At the end of the roadmapping activity, the output and its implementation will be criticized. Further recommendations and courses of action shall also be suggested in order to improve the technology roadmap report.</subfield>
  </datafield>
  <datafield tag="650" ind1=" " ind2="0">
   <subfield code="a">Logistics</subfield>
   <subfield code="x">Computer programs</subfield>
   <subfield code="z">Philippines.</subfield>
  </datafield>
  <datafield tag="650" ind1=" " ind2="0">
   <subfield code="a">Express service</subfield>
   <subfield code="z">Philippines.</subfield>
  </datafield>
  <datafield tag="653" ind1=" " ind2="0">
   <subfield code="a">Technology roadmap.</subfield>
  </datafield>
  <datafield tag="653" ind1=" " ind2="4">
   <subfield code="a">Bridge Point Cargo Logistics Expert Inc.</subfield>
  </datafield>
  <datafield tag="658" ind1=" " ind2=" ">
   <subfield code="a">Special projects in Technology Management.</subfield>
  </datafield>
  <datafield tag="700" ind1="1" ind2=" ">
   <subfield code="a">Imbang, Glen A.</subfield>
   <subfield code="e">adviser.</subfield>
  </datafield>
  <datafield tag="842" ind1=" " ind2=" ">
   <subfield code="a">Thesis</subfield>
  </datafield>
  <datafield tag="905" ind1=" " ind2=" ">
   <subfield code="a">FI</subfield>
  </datafield>
  <datafield tag="905" ind1=" " ind2=" ">
   <subfield code="a">UP</subfield>
  </datafield>
  <datafield tag="950" ind1=" " ind2=" ">
   <subfield code="a">Paper</subfield>
  </datafield>
  <datafield tag="852" ind1="0" ind2=" ">
   <subfield code="a">UPD</subfield>
   <subfield code="b">TMC</subfield>
   <subfield code="h">LG 995 2012 T4</subfield>
   <subfield code="i">C37</subfield>
  </datafield>
  <datafield tag="942" ind1=" " ind2=" ">
   <subfield code="a">Thesis</subfield>
  </datafield>
 </record>
</collection>
